Dolmetschen Beiträge aus Forschung, Lehre und Praxis

Bibliographic Details
Other Authors: Kelletat, Andreas F. (Editor), Vajíčková, Mária
Format: Book
Language:German
PhysicalDescription:299 s. grafy, tab. 21 cm
Published: Frankfurt am Main Peter Lang c2001
ISBN:3631367996
ISSN:0941-9543
Series:FASK : Publikationen des Fachbereichs Angewandte Sprach- und Kulturwissenschaft der Johannes Gutenberg-Universität Mainz in Germersheim : Reihe A, Abhandlungen und Sammelbände
Subjects:

MARC

LEADER 00000cam a2200000 a 4500
001 vtls001428547
003 SK-MaSNL
005 20260302001824.0
008 251029s2001 gw aa fr 100 0 ger
015 |a SNBZSA2002-00089 
020 |a 3631367996 
035 |a SNK000383545 
035 |a urn:nbn:sk:snk-amknyw 
035 |a urn:nbn:sk:snk-am003qkx 
035 |a 1B54DDEE-141D-4977-8C96-D69CB228A639 
040 |a SNK  |b slo  |c SNK  |e AACR2 
041 0 |a ger 
044 |a gw  |c DE 
080 |a 802/809:82.035(082)=30  |2 1981 
080 |a 82.035(082)=30  |2 1981 
080 |a 800.73(082)=30  |2 1981 
245 0 0 |a Dolmetschen  |b Beiträge aus Forschung, Lehre und Praxis  |c Andreas F. Kelletat (Hrsg.) 
260 |a Frankfurt am Main  |b Peter Lang  |c c2001 
300 |a 299 s.  |b grafy, tab.  |c 21 cm 
490 1 |a FASK : Publikationen des Fachbereichs Angewandte Sprach- und Kulturwissenschaft der Johannes Gutenberg-Universität Mainz in Germersheim : Reihe A, Abhandlungen und Sammelbände  |x 0941-9543  |v Bd. 30 
500 |a Text čiast. angl. 
504 |a Bibliogr. 
505 0 |a Obsahuje aj: Vajíčková, Mária. Dolmetscher- und -übersetzerausbildung in der Slowakei 
650 0 7 |a preklad  |2 SNKPH  |9 25315 
650 0 7 |a tlmočenie  |2 SNKPH  |9 19534 
650 0 7 |a cudzie jazyky  |2 SNKPH  |9 69722 
650 0 7 |a vyučovanie jazykov  |2 SNKPH  |9 31418 
655 7 |a zborníky konferencií  |2 SNKPH  |9 70153 
700 1 |a Kelletat, Andreas F.  |4 edt  |9 638327 
700 1 2 |a Vajíčková, Mária  |t Dolmetscher- und -übersetzerausbildung in der Slowakei  |9 638328 
830 0 |a FASK : Publikationen des Fachbereichs Angewandte Sprach- und Kulturwissenschaft der Johannes Gutenberg-Universität Mainz in Germersheim : Reihe A, Abhandlungen und Sammelbände  |x 0941-9543  |9 638329 
919 |a 3-631-36799-6 
958 |a ZS 
958 |a TL 
958 |a ZB 
958 |a NB 
958 |a DE 
999 |c 985472  |d 987402 
952 |t P60, <03>, [BOOK], {603}  |a SNK  |b SNK  |y PREZ  |7 0  |p 17A0334202  |o snkSC 107372  |i snkV 259/2002  |0 0  |1 0  |4 0  |d 2002-02-28  |f 1  |l 0  |r 2025-09-29 00:00:00  |w 2026-02-24